| 000 | 01158nam a22003377a 4500 | ||
|---|---|---|---|
| 003 | CHAP | ||
| 005 | 20220329143510.0 | ||
| 008 | 100223s2008 mx a r 00010 spa d | ||
| 010 | _a97589 | ||
| 011 | _a98561 | ||
| 020 | _a9786074220209 | ||
| 035 | _a109246 | ||
| 040 | _cCHAP | ||
| 082 | 1 | 4 |
_a519.4 _bC68 |
| 100 | 1 |
_aColina Martínez, Jaime de la. _925179 |
|
| 245 | 1 | 0 |
_aIntroducción al método de elemento finito : _bun enfoque para la ingeniería estructural _c/por Jaime de la Colina Martínez |
| 260 |
_aoluca, Méx. : _bUAEM, _c2008 |
||
| 300 |
_a318 p. : _bilus. |
||
| 590 |
_aBATCH-UPD _b10 _c20130110 _lUCH01 _h0922 |
||
| 590 |
_aBATCH-UPD _b10 _c20130410 _lUCH01 _h0544 |
||
| 590 |
_aBATCH-UPD _b10 _c20130914 _lUCH01 _h0349 |
||
| 590 |
_aCONVERSION _b10 _c20130109 _lUCH01 _h1354 |
||
| 650 | 1 | 4 |
_aAnálisis numérico. _95991 |
| 650 | 1 | 4 |
_aEcuaciones diferenciales. _935306 |
| 650 | 1 | 4 |
_aIngeniería _xModelos matemáticos. _958190 |
| 650 | 1 | 4 |
_aMétodos finitos elementales. _976632 |
| 650 | 1 | 4 |
_aModelos matemáticos. _976419 |
| 901 | _aBK | ||
| 942 | _cLIBRO | ||
| 949 |
_a519.4 C68 _bBC _cLIBRO _d33724002110959 _eLIBRO _gI.c/e _h111968 _i109246 _si |
||
| 999 |
_c97589 _d97589 |
||